000 00656nam a2200169 a 4500
008 120416s1974 ||||||||||||||||| || u
050 _aQA 433 Spi
100 _aSpiegel, Murray R
245 1 0 _aSchaum's outline of theory and problems of vector analysis and an introduction to tensor analysis
250 _aSI(metric)
260 _aNew York
_bMcGraw-Hill
_c1974
300 _a[vi], 225p. : ill.
350 _a0.00
650 0 _aMATHEMATICS--HANDBOOKS, MANUALS, ETC
650 _aVECTOR ANALYSIS
995 _D0.00
_FCBU-MAIN LIBRARY (Kitwe)
_H1
_I1.90
_M1
_UAVAILABLE
_ZMain Library Open Access Collection
999 _c57041
_d57041